00332 2200145 4500245004400000250001100044100002400055650001700079650001600096005001900112260001800131041001400149084001400163336000900177 aAutobiograficRafka Jejaka HendrahText aCet. 1 aRafka Jejaka Hendra aAutobiografi aKarya Siswa a20250520142323 aJakartac2025 aIndonesia a081 RAF a atext